|
|
|
|
| LEADER |
00000nam a22000007a 4500 |
| 005 |
20180411003717.0 |
| 007 |
cr|||| |||| |
| 008 |
180411s2017 br |||||s|||| 00||0 por d |
| 020 |
|
|
|a 978-85-361-9448-6
|
| 035 |
|
|
|a 21360
|
| 040 |
|
|
|a vLex
|
| 090 |
|
|
|c 7733
|d 7733
|
| 100 |
1 |
|
|a Da Silva Candemil, Alexandra
|
| 245 |
1 |
0 |
|a Manual preventivo da aplicaȯ̂ da justa causa pelo empregador
|h [Recurso electrn̤ico] /
|c Alexandra Da Silva Candemil
|
| 256 |
|
|
|a Servicio en ln̕ea
|
| 260 |
|
|
|a San Pablo:
|b LTR,
|c 2017
|
| 300 |
|
|
|a 1 recurso electrn̤ico
|
| 500 |
|
|
|a O “Manual Preventivo da Aplicaȯ̂ da Justa Causa pelo Empregador” foi desenvolvido com o props̤ito de servir como ferramenta de trabalho na anl̀ise preventiva do poder diretivo e disciplinar do empregador diante das condutas praticadas pelo empregado, quando consideradas fatos geradores da ruptura motivada do contrato de trabalho. A obra se dedica a estudar os pressupostos consolidadores da justa causa para contextualizar a adequada puniȯ̂ a ser aplicada pelo empregador. E, de forma prt̀ica, analisa cada fato gerador da justa causa pelas t̤icas da lei, da doutrina e da jurisprudn̊cia trabalhista.
|
| 506 |
1 |
|
|a Disponible solo en los productos indicados
|d vLex Global
|d vLex Global (Academic Edition, excluding Law Schools)
|d vLex Global (U.S. Academic Edition, Law Schools)
|d vLex Global (U.S. Academic Edition, excluding Law Schools)
|d vLex Global (Academic Edition, Law Schools)
|
| 650 |
0 |
4 |
|a Derecho Laboral y Seguridad Social
|z Brasil
|
| 740 |
0 |
|
|a vLex Libros (Servicio en ln̕ea)
|
| 856 |
4 |
0 |
|u http://vlex.com/source/manual-preventivo-da-aplica-o-da-justa-causa-pelo-empregador-21360
|z Acceso restringido
|
| 942 |
|
|
|c BOOK
|
| 999 |
0 |
|
|a Labor law and social security
|